Principles of public international law. (Record no. 42269)

MARC details
000 -LEADER
fixed length control field 00446nam a2200193Ia 4500
020 ## - INTERNATIONAL STANDARD BOOK NUMBER
ISBN 9780199217700
050 ## - CALL MARK
Classification number KC 100 .B7/
100 ## - STATEMENT OF RESPONSIBILITY--MAIN AUTHOR NAME
Personal name Brownlie, Ian
245 #0 - TITLE STATEMENT
Title Principles of public international law.
250 ## - EDITION / VOLUME STATEMENT
Edition / Volume statement 7th ed.
260 ## - PUBLICATION, DISTRIBUTION, ETC. (IMPRINT)
Place of publication Oxford
260 ## - PUBLICATION, DISTRIBUTION, ETC. (IMPRINT)
Name of publisher University Press
260 ## - PUBLICATION, DISTRIBUTION, ETC. (IMPRINT)
Year of publication 2008
300 ## - PHYSICAL DESCRIPTION
Number of Pages 784 p
650 ## - SUBJECT ADDED ENTRY--TOPICAL TERM
Topical Term Oxford
942 ## - ADDED ENTRY ELEMENTS (KOHA)
Koha item type Books
Holdings
Withdrawn status Lost status Source of classification or shelving scheme Damaged status Not for loan Permanent Location Current Location Shelving location Date acquired Accession Number Price effective from Koha item type
    Library of Congress Classification     Law Library Law Library Items on shelf 06/03/2025 0185092 06/03/2025 Books